000 00681nam a2200205Ia 4500
003 GCL
005 20240530103146.0
008 140319s9999 xx 000 0 ara d
040 _aGCL /
_cGCL
082 0 4 _a938
_bع ت
100 1 _aعبداللطيف احمد على
245 1 0 _aالتاريخ اليونانى : العصر الهللادى (1) /
_cعبداللطيف احمد على
260 _aبيروت :
_bدار النهضة العربية ،
_c1976
300 _a421 ص ؛
_c24 سم
650 0 4 _aالاسكندر الاكبر
650 0 4 _aالعصر الهلينى
650 0 4 _aالهلينية
650 0 4 _aاليونان - تاريخ
942 _2ddc
_cBK
999 _c37241
_d37241